[Event "EYCC 2024 - G14"]
[Site "?"]
[Date "2024.08.30"]
[Round "8.15"]
[White "Gunasti, Latife Yade"]
[Black "Richter, Johanna"]
[Result "1-0"]
[BlackElo "1861"]
[WhiteElo "1704"]
[LiveChessVersion "1.4.8"]

1. d4 {[%clk 1:30:59]} Nf6 {[%clk 1:30:52]} 2. c4 {[%clk 1:31:21]} g6
{[%clk 1:31:19]} 3. Nc3 {[%clk 1:31:43]} d5 {[%clk 1:31:46]} 4. h4
{[%clk 1:31:31]} Bg7 {[%clk 1:30:00]} 5. h5 {[%clk 1:29:13]} O-O {[%clk 1:25:44]}
6. hxg6 {[%clk 1:29:03]} fxg6 {[%clk 1:25:58]} 7. Nf3 {[%clk 1:27:57]} c6
{[%clk 1:16:32]} 8. Bh6 {[%clk 1:21:11]} Bxh6 {[%clk 1:08:11]} 9. Rxh6
{[%clk 1:21:35]} Bf5 {[%clk 1:02:26]} 10. Qb3 {[%clk 1:16:47]} b6
{[%clk 0:56:55]} 11. e3 {[%clk 1:14:04]} Kg7 {[%clk 0:55:03]} 12. Rh1
{[%clk 1:14:05]} Qd6 {[%clk 0:46:31]} 13. Be2 {[%clk 1:01:24]} Nbd7
{[%clk 0:42:04]} 14. O-O-O {[%clk 0:55:16]} Ne4 {[%clk 0:33:21]} 15. Nxe4
{[%clk 0:49:12]} Bxe4 {[%clk 0:33:29]} 16. Rh3 {[%clk 0:39:08]} dxc4
{[%clk 0:25:31]} 17. Qxc4 {[%clk 0:35:30]} Bd5 {[%clk 0:25:47]} 18. Qc2
{[%clk 0:35:42]} Nf6 {[%clk 0:17:00]} 19. Kb1 {[%clk 0:25:01]} Be4
{[%clk 0:12:59]} 20. Bd3 {[%clk 0:25:22]} Qd5 {[%clk 0:12:35]} 21. Rdh1
{[%clk 0:23:45]} Rh8 {[%clk 0:11:53]} 22. Rc1 {[%clk 0:20:37]} Rac8
{[%clk 0:11:10]} 23. Rh4 {[%clk 0:15:05]} Bxd3 {[%clk 0:05:58]} 24. Qxd3
{[%clk 0:15:31]} c5 {[%clk 0:02:46]} 25. e4 {[%clk 0:14:13]} c4 {[%clk 0:01:42]}
26. Qe3 {[%clk 0:13:11]} Qd7 {[%clk 0:01:29]} 27. Ne5 {[%clk 0:10:36]} Qe8
{[%clk 0:00:43]} 28. Qh6+ {[%clk 0:10:18]} Kg8 {[%clk 0:01:06]} 29. Rch1
{[%clk 0:08:55]} c3 {[%clk 0:00:39]} 30. Nxg6 {[%clk 0:05:29]} hxg6
{[%clk 0:00:35]} 31. Qxh8+ {[%clk 0:05:49]} Kf7 {[%clk 0:01:01]} 32. Qxe8+
{[%clk 0:04:21]} Nxe8 {[%clk 0:01:02]} 33. bxc3 {[%clk 0:04:21]} Rxc3
{[%clk 0:01:22]} 34. Rf4+ {[%clk 0:04:44]} Kg7 {[%clk 0:01:37]} 35. Rd1
{[%clk 0:03:28]} Rc4 {[%clk 0:01:17]} 36. Rf3 {[%clk 0:02:25]} Nf6
{[%clk 0:01:32]} 37. Re3 {[%clk 0:02:29]} Ng4 {[%clk 0:01:35]} 38. Re2
{[%clk 0:02:51]} Nf6 {[%clk 0:01:52]} 39. f3 {[%clk 0:03:09]} Kf7
{[%clk 0:02:05]} 40. Rc2 {[%clk 0:02:57]} Rb4+ {[%clk 0:02:20]} 41. Rb2
{[%clk 0:02:37]} Rc4 {[%clk 0:02:47]} 42. Rb3 {[%clk 0:02:45]} Ke6
{[%clk 0:02:44]} 43. Ra3 {[%clk 0:02:49]} Rc7 {[%clk 0:03:12]} 44. Kb2
{[%clk 0:02:54]} Kd7 {[%clk 0:02:51]} 45. Rc3 {[%clk 0:03:05]} Rb7
{[%clk 0:03:13]} 46. Kb3 {[%clk 0:03:24]} Nh5 {[%clk 0:03:14]} 47. Rd2
{[%clk 0:02:32]} Nf4 {[%clk 0:02:44]} 48. g3 {[%clk 0:02:51]} Ne6
{[%clk 0:03:07]} 49. f4 {[%clk 0:03:11]} Ng7 {[%clk 0:03:05]} 50. Kc2
{[%clk 0:02:55]} b5 {[%clk 0:02:56]} 51. Kd3 {[%clk 0:03:04]} Nh5
{[%clk 0:02:47]} 52. Ke2 {[%clk 0:03:04]} Nf6 {[%clk 0:03:09]} 53. Ke3
{[%clk 0:02:59]} e6 {[%clk 0:03:24]} 54. Rb2 {[%clk 0:03:07]} a6 {[%clk 0:03:40]}
55. Rc5 {[%clk 0:02:21]} Ke7 {[%clk 0:03:49]} 56. Rbc2 {[%clk 0:02:29]} Ne8
{[%clk 0:03:43]} 57. Kd3 {[%clk 0:02:08]} a5 {[%clk 0:03:40]} 58. Rb2
{[%clk 0:02:06]} Nc7 {[%clk 0:03:38]} 59. a4 {[%clk 0:02:21]} 1-0

[Event "EYCC 2024 - G14"]
[Site "?"]
[Date "2024.08.30"]
[Round "8.16"]
[White "Buchtova, Viktorie"]
[Black "Li, Anna Sofie"]
[Result "0-1"]
[BlackElo "2032"]
[WhiteElo "1854"]
[LiveChessVersion "1.4.8"]

1. e4 {[%clk 1:30:57]} e5 {[%clk 1:30:54]} 2. Nf3 {[%clk 1:31:21]} Nc6
{[%clk 1:31:20]} 3. Bb5 {[%clk 1:31:27]} a6 {[%clk 1:31:43]} 4. Ba4
{[%clk 1:31:52]} Nf6 {[%clk 1:32:07]} 5. O-O {[%clk 1:32:09]} Be7
{[%clk 1:32:31]} 6. Re1 {[%clk 1:32:22]} b5 {[%clk 1:32:56]} 7. Bb3
{[%clk 1:32:49]} O-O {[%clk 1:33:16]} 8. h3 {[%clk 1:33:02]} Bb7 {[%clk 1:32:56]}
9. c3 {[%clk 1:31:03]} d5 {[%clk 1:31:34]} 10. exd5 {[%clk 1:16:29]} Nxd5
{[%clk 1:31:47]} 11. d3 {[%clk 1:15:09]} Bc5 {[%clk 1:20:46]} 12. Nbd2
{[%clk 1:00:29]} Nf4 {[%clk 0:59:42]} 13. Ne4 {[%clk 0:58:06]} Nxd3
{[%clk 0:58:53]} 14. Nxc5 {[%clk 0:56:13]} Nxc5 {[%clk 0:59:13]} 15. Nxe5
{[%clk 0:55:14]} Nxb3 {[%clk 0:54:37]} 16. Qxb3 {[%clk 0:54:14]} Nxe5
{[%clk 0:51:19]} 17. Rxe5 {[%clk 0:54:37]} Qf6 {[%clk 0:48:02]} 18. Rc5
{[%clk 0:43:00]} Rfe8 {[%clk 0:41:08]} 19. Be3 {[%clk 0:41:16]} Rxe3
{[%clk 0:31:18]} 20. fxe3 {[%clk 0:37:14]} Qg6 {[%clk 0:29:08]} 21. Rd5
{[%clk 0:35:00]} Bxd5 {[%clk 0:27:09]} 22. Qxd5 {[%clk 0:33:45]} c6
{[%clk 0:25:33]} 23. Qd4 {[%clk 0:26:28]} h6 {[%clk 0:23:22]} 24. Rd1
{[%clk 0:23:13]} Re8 {[%clk 0:20:26]} 25. Kf2 {[%clk 0:12:18]} c5
{[%clk 0:15:11]} 26. Qd5 {[%clk 0:10:59]} c4 {[%clk 0:11:19]} 27. Rd2
{[%clk 0:10:01]} Re6 {[%clk 0:11:17]} 28. a3 {[%clk 0:06:42]} Rf6+
{[%clk 0:09:08]} 29. Kg1 {[%clk 0:05:38]} Qb1+ {[%clk 0:09:04]} 30. Kh2
{[%clk 0:02:40]} Rf1 {[%clk 0:07:07]} 31. Re2 {[%clk 0:02:46]} Rh1+
{[%clk 0:04:57]} 32. Kg3 {[%clk 0:03:14]} Qg6+ {[%clk 0:04:21]} 33. Kf2
{[%clk 0:03:43]} Rc1 {[%clk 0:03:25]} 34. Qf3 {[%clk 0:03:01]} h5
{[%clk 0:02:39]} 35. Rd2 {[%clk 0:02:05]} h4 {[%clk 0:01:31]} 36. e4
{[%clk 0:00:42]} Qg5 {[%clk 0:01:35]} 37. Re2 {[%clk 0:00:37]} Rb1
{[%clk 0:01:00]} 38. Qe3 {[%clk 0:00:51]} Qf6+ {[%clk 0:01:10]} 39. Qf3
{[%clk 0:01:14]} Qd6 {[%clk 0:01:04]} 40. Qe3 {[%clk 0:00:37]} Qd1
{[%clk 0:00:41]} 41. Qd2 {[%clk 0:00:37]} Qg1+ {[%clk 0:00:41]} 42. Kf3
{[%clk 0:01:04]} Rf1+ {[%clk 0:00:38]} 43. Rf2 {[%clk 0:01:06]} Rd1
{[%clk 0:00:47]} 44. Qe2 {[%clk 0:01:08]} Rd3+ {[%clk 0:00:46]} 45. Kg4
{[%clk 0:01:25]} Qh2 {[%clk 0:01:03]} 46. Rf3 {[%clk 0:01:25]} Rd6
{[%clk 0:00:43]} 47. Kxh4 {[%clk 0:00:41]} Qe5 {[%clk 0:00:37]} 48. Rf5
{[%clk 0:00:41]} Rh6+ {[%clk 0:00:40]} 49. Kg4 {[%clk 0:00:58]} Rg6+
{[%clk 0:00:37]} 50. Kh5 {[%clk 0:00:43]} Qg3 {[%clk 0:00:46]} 51. Qg4
{[%clk 0:00:33]} Rxg4 {[%clk 0:01:04]} 52. hxg4 {[%clk 0:01:00]} Qh2+
{[%clk 0:01:25]} 53. Kg5 {[%clk 0:01:28]} Qh6# {[%clk 0:01:51]} 0-1